000 00625nam a2200145Ia 4500
008 100204s9999 xx 000 0 und d
082 _b19516
100 _aगोडबोले अरुण
245 _aश्रामनाचे श्लोक : एक मागोवा - भाग - 3
260 _b"कोशिक प्रकाशन , सातारा"
_c1993
300 _a148
630 _aश्रामनाचे श्लोक : एक मागोवा - भाग - 3
730 _aश्रामनाचे श्लोक : एक मागोवा - भाग - 3
942 _cBOOK
999 _c463938
_d463935